Catálogo Biblioteca Central

Los bienes jurídicos a proteger por el derecho penal militar y su relación con el tratamiento penitenciario militar (Registro nro. 196233)

Detalles MARC
000 -CABECERA
campo de control de longitud fija 00683naa a22002057a 4500
001 - NÚMERO DE CONTROL
campo de control 196233
003 - IDENTIFICADOR DEL NÚMERO DE CONTROL
campo de control ES-MaBCM
005 - FECHA Y HORA DE LA ÚLTIMA TRANSACCIÓN
campo de control 20230301073116.0
008 - CÓDIGOS DE INFORMACIÓN DE LONGITUD FIJA
campo de control de longitud fija 140414b2014 sp ||||| |||| 00| 0 spa d
021 ## -
-- xx
035 ## - NÚMERO DE CONTROL DEL SISTEMA
Número de control de sistema (OCoLC)1365228392
040 ## - FUENTE DE LA CATALOGACIÓN
Centro transcriptor ES-MaBCM
100 1# - PUNTO DE ACCESO PRINCIPAL - NOMBRE DE PERSONA
9 (RLIN) 117635
Nombre de persona Turienzo Veiga, Ángel
245 ## - MENCIÓN DE TÍTULO
Título Los bienes jurídicos a proteger por el derecho penal militar y su relación con el tratamiento penitenciario militar
Mención de responsabilidad etc. Ángel Turienzo Veiga
650 27 - PUNTO DE ACCESO ADICIONAL DE MATERIA--TÉRMINO DE MATERIA
Término de materia o nombre geográfico como elemento inicial Derecho penal militar
Fuente del encabezamiento o término
9 (RLIN) 58348
650 27 - PUNTO DE ACCESO ADICIONAL DE MATERIA--TÉRMINO DE MATERIA
Término de materia o nombre geográfico como elemento inicial Cárcel
Fuente del encabezamiento o término
9 (RLIN) 59891
651 #4 - PUNTO DE ACCESO ADICIONAL DE MATERIA--NOMBRE GEOGRÁFICO
Nombre geográfico España
9 (RLIN) 115342
773 0# - ENLACE AL DOCUMENTO FUENTE
Encabezamiento principal En
Lugar editor y fecha de publicación Madrid
Parte(s) relacionada(s) Nº 106 (en.-feb. 2014), p. 5-12
Título La Ley penal
Número de control del registro relacionado 105587
942 ## - ELEMENTOS DE PUNTO DE ACCESO ADICIONAL (KOHA)
Fuente del sistema de clasificación o colocación Universal Decimal Classification
Tipo de ítem Koha Artículos de revistas
Existencias
Estado de retiro Estado de pérdida Fuente del sistema de clasificación o colocación Estado dañado No para préstamo Localización permanente Ubicación/localización actual Ubicación en estantería Fecha de adquisición Fuente de adquisición Fecha visto por última vez Precio válido a partir de Tipo de ítem Koha
    Universal Decimal Classification     Biblioteca Central del Ministerio de la Presidencia Biblioteca Central del Ministerio de la Presidencia Sala 14/04/2014 Compra 14/04/2014 14/04/2014 Artículos de revistas